000 00472nam a2200181Ia 4500
003 GCL
008 140319s9999 xx 000 0 ara d
040 _aGCL /
_cGCL
082 0 4 _a813.03
_bج ح
100 1 _aجارالنبى حلو
245 1 0 _aحلم على نهر: رواية /
_cجارالنبى حلو
300 _a236 ص
490 _a
650 0 4 _aالادب العربى
650 0 4 _aالقصص العربية
650 0 4 _aالقصص
942 _2ddc
_cBK
999 _c38535
_d38535